000 00266nam a22001217a 4500
020 _a1-9043-5124-7
082 _a823
_bJEA/H
100 _aJEAN
245 _aADAMSON, GARETH
_bTOPSY+TIM
260 _aLONDON
_bLADYBIRD
650 _aENGLISH SHORT STORY
_zUK
942 _cBK
999 _c4216
_d4216